MDQL
is popping MORE tags! Check the
thread
!
Quizzes
Events
Quiz Creation
Community
Videos
Private Events
Remove Ads
Sign In
Join for FREE
Feedback
Dark Mode
Quiz Categories
Sports
Geography
Music
Movies
Television
Just For Fun
Miscellaneous
History
Literature
Language
Science
Gaming
Entertainment
Religion
Holiday
For Kids
Quiz Lab
Recent
Popular Today
Quiz Kudos Today
Editor Picks
Curator Picks
Quizzes by...
Day
Popularity
Type
Ratings
Length
Year
Community
Subscriptions
Recent Discussions
Orange Saloon
Badges
Playlists
Quests
Create
Leaderboards
Showdown
Live 5
Trivia Bingo
Activity
Puzzle Library
Sporcle Events
Private Events
Virtual Trivia
Globe League
Become a Host
Pub Owners
SporcleCon
Opinionation
Our Games
Videos
Blog
Mobile Apps
Partnerships
Remove Ads and Go Orange
Feedback
Movies
Disney
Marvel Cinematic Universe
Movie Resume
Movie Titles
Oscar
Actor
Actress
Director
Pixar
Role
Movie Quotes
Movie Characters
Box Office
Nominee
Best Picture
Star Wars
James Bond
Horror Movies
Movies
Disney
Marvel Cinematic Universe
Movie Resume
Movie Titles
Oscar
Actor
Actress
Director
Pixar
Role
Movie Quotes
Movie Characters
Box Office
Nominee
Best Picture
Star Wars
James Bond
Horror Movies
Random Quiz
Search Sporcle
×
Quiz Lab
Quiz Lab
Movies
Follow That Line
Select answers by clicking on text or image buttons
Select answers by clicking on text or image buttons
Clickable
Best Score? Go Orange.
Follow That Line: Usual Suspects Stats
Can you pick the Next Line?
By
T_thr33
10m
20 Questions
1,436 Plays
1,436 Plays
1,436 Plays
Comments
Comments
Give Quiz Kudos
Give Quiz Kudos
-
- Ratings
hide this ad
Forced Order
Answers have to be entered in order
Answers have to be entered in order
Replay
Link that replays current quiz
Next Quiz
Link to next quiz in quiz playlist
You Got
0%
They Got
Avg Score
90%
Avg Friend Score
Upgrade to see
Score Distribution
Jump to the score distribution portion of the page
Score
0/20
Timer
10:00
0
Plays Today
% Correct
Really? I live in Queens. Did you put that together yourself, Einstein?
95.7%
Yeah... I shivved him. Better you hear it from me now than from somebody else later.
94.8%
Keaton put on the finishing touch. A little 'f*ck you' from the five of us to the NYPD.
94.8%
You see, if you're guilty, you know you're caught, you get some rest, you let your guard down.
94.8%
You are a criminal.
93.9%
I'm really thirsty. I used to dehydrate as a kid. One time it got so bad my piss came out like snot. I'm not kidding,
93.8%
Yeah, I was just gonna tell you to shut up.
93.5%
Keaton always said, 'I don't believe in God, but I'm afraid of him.' Well I believe in God, and the only thing that scares me is Keyser Soze.
93%
The kind of man who could kill Edie Finneran. She was found yesterday in a hotel in Pennsylvania, shot twice in the head.
92.6%
The greatest trick the devil ever pulled was convincing the world he did not exist. And like that... he is gone.
92%
% Correct
Besides, it was fun. I got to make like I was notorious.
92%
Yeah? What's that, the restaurant business? No. From now on, you're in the gettin'-f*cked-by-us business.
90.3%
You know a religious guy named John Paul?
89.7%
Oh, is that the one about the hooker with the dysentery?
89.6%
You're such a tough guy, McManus. Do me a favour, right. Get the f*ck off my d*ck.
89.5%
I can't feel my legs... Keyser.
88.2%
This is sh*t but, hey, I'm in a police station.
87.1%
Oh, gee, thanks, Dave. Bang-up job so far. Extortion, coercion. You'll pardon me if I ask you to kiss my pucker.
84.8%
Is it Friday already?
82.6%
Yeah, but it all has a system, Dave. It all makes sense when you look at it right.
78.1%
Quiz Playlist
Details
Report
Send in Message
Add To Playlist
Clickable:
Select answers by clicking on text or image buttons
Forced Order:
Answers have to be entered in order
Last Updated: Sep 6, 2017
Quiz Scoreboard
CHALLENGE
Sign Up to Join the Scoreboard
Show All
Scores
Hide
Comments
May contain spoilers
Recently Published
1-10 Letter E Words III
by El_Dandy
Language
2m
Street Fighter Characters
by Artimus82
Gaming
60s
College Basketball Coaching Resumes
by pancakes188
Sports
9m
More to Explore
Quiz From the Vault
Featured Blog Post
Where Did the Easter Bunny Come From?
hide this ad
You Might Also Like...
Tags
Clickable Quiz
Follow That Line Quiz
Follow
Next
suspect
usual
Today's Top Quizzes in Movies
Browse Movies
hide this ad
Today's Top Quizzes in Follow That Line
Browse Follow That Line
Top Contributed Quizzes in Movies
1
Pick 5 Posters: Directed by Spielberg
2
7-to-1: Pixar Characters
3
Hidden Star Wars Character II
4
Pick 5 Posters: Lowest-Rated Spielberg
5
Hidden Star Wars Character III
6
Sorting Actors
7
Sorting Actresses
8
Hidden Star Wars Character IV
9
Pick 5 Posters: Directed by Scorsese
10
Hidden Star Wars Character V
Explore More
Trending Topics
Kpop
Anime
Harry Potter
Disney
Crossword
NBA
Marvel
Pokémon
Song
WWE
NFL
Country
Soccer
Puzzle
The Office
hide this ad
More By:
T_thr33
Quiz
Plays
Rating
Category
Featured
Created
Skyrim Typing challenge
4,120
4.27
Gaming
May 7, 2013
Follow That Line: Animal House
4,036
4.63
Movies
Jul 28, 2012
Follow That Line: Clerks
2,516
4.64
Movies
Mar 19, 2013
Follow That Line: Django Unchained
2,296
4.63
Movies
Apr 30, 2013
X-men Typing Challenge
2,282
4.56
Entertainment
Sep 30, 2013
Go to Creator's Profile
Score Distribution
Quiz Creator Spotlight
T_thr33
Follow
Send a Message
Quizzes Created
-
Created Quiz Play Count
-
More By This Creator
Popular Quizzes Today
1
Find the US States - No Outlines Minefield
2
Find the Countries of Europe - No Outlines Minefield
3
The Countries of the World
4
Find the US States
5
Risky Map Clicking: Biggest States A-Z
6
US States
7
Popular People in 1961
8
Movies - When Are They Set?
More Movies Quizzes
Movie Trios: A Cinematic Rainbow
Quiz Lab
Trending Quizzes
Risky Map Clicking: Least Populous States A-Z
Billboard Blitz: Aretha Franklin
Famous Russians: Author or Composer?
1-10 Letter G Words
Countries of the World: 200 Million BC
Recently Updated
Leaping Animals
pecheneg
Reality TV Shows (A-Z)
bhenderson79
Rickey Henderson's Hall of Fame Teammates
pecheneg
Champions League XIs: Arsenal
pecheneg
Quick Pick: Celebrities in WWE's Hall of Fame
aduchscher
A-Z Keypad Blitz II
pecheneg
Multiple Oscar Actors
pecheneg
Mystery Phrase Blitz: Oscar 'Best Actors'
pecheneg
F. Scott Fitzgerald Novels
LTH
Pick 3 Villains
ddd62291
Trending Topics
Crossword
Harry Potter
Marvel
NBA
Kpop
Disney
Anime
Song
Country
Soccer
Pokémon
Puzzle
The Office
WWE
NFL
Your Account Isn't Verified!
In order to create a playlist on Sporcle, you need to verify the email address you used during registration. Go to your
Sporcle Settings
to finish the process.
Report this User
Report this user for behavior that violates our
Community Guidelines
.
Details:
Send Report
Go to the Sporcle.com Mobile Site →
Comments